000 00430nam a2200169Ia 4500
003 GCL
008 140319s9999 xx 000 0 ara d
040 _aGCL /
_cGCL
082 0 4 _aط
_b811.082
_bخ ى
100 1 _aخالد يوسف
245 1 0 _aيحيا بلدى /
_cخالد يوسف
300 _a28 ص
490 _aالسلسلة الشعرية
_v0
650 0 4 _aالاطفال
650 0 4 _aالشعر
942 _2ddc
_cBK
999 _c45412
_d45412